000 01230nam a22002777a 4500
999 _c23435
_d23435
003 AR-CdUCM
008 260108b2024 spa||||| |||| 00| 0 eng d
040 _aMUNICIPALIDAD PROVINCIAL DEL CUSCO
_cBIBLIOTECA MUNICIPAL DEL CUSCO
041 _hspa
082 _a985.61 /
_bM95
100 _aMunicipalidad Distrital de Quellouno
_951940
245 _aQuellouno :
_bPueblos originarios y su cultura /
260 _aCusco
_bMunicipalidad Distrital de Quellouno.
_c2024
300 _a223 Páginas. :
_c15 x 21cm.
500 _zPáginas 222 - 223
505 _aAspectos Generales del Distrito Quellouno -- Comunidades Nativas -- Chirumbia -- Yokiri -- Contenido Histórico -- Antisuyo Prehispánico -- El proceso colonial -- Pueblos Originarios -- Familias de la amazonia cusqueña -- Cosmovisión -- Caza -- Contexto Histórico -- El proceso colonial....
650 _aDatos generales
_951941
650 _aDivisión Política y administrativa
_951942
650 _aCambios y continuidad
_951943
650 _aGeografía y simbolismo
_951944
650 _aFiestas tradicionales
_951945
650 _aMedicina tradicional
_951946
650 _aTextilería Matsigenka
_951947
942 _2ddc
_cLIBROS
945 _ajmcs
_d31/12/2025